Quelques caméos du cinéma français... (3) - Statistiques

Statistiques générales
  • Ce quiz a été pris 20 fois
  • Le résultat moyen est 16 sur 27
Statistiques - réponses
Année Film Rôle Lien avec le film % Correct
1960 A bout de souffle Un indicateur Réalisateur Jean-Luc {Godard}
100%
1964 Le monocle rit jaune Un client un peu "spécial" Aucun Lino {Ventura}
100%
1959 Les Quatre Cents Coups Un passant Réalisateur François {Truffaut}
95%
1970 Les choses de la vie Un conducteur Aucun Boby {Lapointe}
79%
2005 Les poupées russes Un passager de l'Eurostar Réalisateur Cédric {Klapisch}
79%
2010 Benvenuti al Sud Un client de la poste A réalisé Bienvenue chez les Chtis Dany {Boon}
79%
1987 La Rumba Un caïd du milieu Aucun Lino {Ventura}
79%
1988 Le grand bleu Un concurrent du championnat Réalisateur Luc {Besson}
79%
1994 Le péril jeune Un jeune père Réalisateur Cédric {Klapisch}
74%
1976 L'argent de poche Un chauffeur Réalisateur François {Truffaut}
74%
1963 Carambolages Un ambitieux Aucun Alain {Delon}
68%
1975 Le Magnifique Un électricien Réalisateur Philippe {de Broca}
68%
2003 Taxi 3 Un homme poursuivi Aucun Sylvester {Stallone}
68%
1984 Marche à l'ombre Un chanteur Aucun Patrick {Bruel}
63%
1975 Section Spéciale Un milicien Aucun Yves {Montand}
63%
1991 Merci la vie Un médecin Aucun Gérard {Depardieu}
58%
1974 La Dernière folie de Mel Brooks Un mime...parlant Aucun Marcel {Marceau}
53%
1968 Le Pacha Un inconnu qui croise Jean Gabin Auteur de la B.O. Serge {Gainsbourg}
53%
1985 Subway Un des membres du groupe musical Auteur de la B.O. Eric {Serra}
42%
1984 Le Jumeau Un homme dans l'ascenseur Réalisateur Yves {Robert}
42%
1959 Les Quatre Cents Coups Un passant Aucun Philippe {de Broca}
32%
1963 Les Tontons flingueurs Un passant Aucun Paul {Meurisse}
26%
1992 L.627 Un invité lors d'un mariage Producteur Alain {Sarde}
21%
2007 La Chambre des morts Un employé des pompes funèbres Auteur du roman Franck {Thilliez}
21%
1975 Section Spéciale Un milicien Réalisateur {Costa-Gavras}
16%
1994 Un indien dans la ville Un homme avec des écouteurs Réalisateur Hervé {Palud}
16%
2013 Belle et Sébastien Un chasseur A joué le rôle-titre précédemment Mehdi {El Glaoui}
11%
Aucun quiz correspondant
Distribution des résultats
% des personnes avec chaque résultat
Percentile par nombre de réponses
Votre historique - résultats
Vous n’avez pas pris ce quiz